000 01179 a2200229 4500
005 20080828094754.0
008 080828t xxu||||| |||| 00| 0 hin d
010 _aHIN-83334
020 _c200.00
035 _aHN-55680
037 _bDBAD / PUB
082 _a
100 _aपांडेय, दयानंद
245 _aसुमि का स्पेसः (दयानंद पांडेय का नया सशक्त कहानी संग्रह) /
_cदयानंद पांडेय
246 _aSumi ka space
_bby Dayanand Pandey
260 _aदिल्ली
_bजनवाणी प्रकाशन
_c2006
270 _a30/35-36, गली नं9, विश्वास नगर
_bदिल्ली
_e110032
300 _a200पृ
_c22 सेमी (सजिल्द)
500 _aसमान ISBN 8186409939 शीर्षक धूप का टुकड़ा
942 _adpl
_cHN
_kक / पांडेय
_2ddc
_h
_mपांडेय
999 _c12175
_d12175